000 00494nam a2200193Ia 4500
003 GCL
008 140319s9999 xx 000 0 eng d
040 _aGCL /
_cGCL
082 0 4 _a519.5
_bS S
100 1 _aSHUKLA, M. C.
245 1 0 _aSTATISTIES: THEORY AND PRACTICE /
_cSHUKLA, M. C.
700 1 _aGULSHAN, S. S.
260 _a[S.N] :
_bS. CHAND & COMPANY (PVT) LTD ،
_c1994
300 _a870 P
650 0 4 _aSTATICS
650 0 4 _aMATHEMATICS
650 0 4 _aTHEORIES
942 _2ddc
_cBK
999 _c11319
_d11319